000 00533nam a22001577a 4500
003 NUST
038 _aNusrat Nadeem
082 _a200
100 _aFatima Noor
_9130682
245 _aFeature Optimized Lightweight Hybrid Autoencoder for Efficient ARP-Based Man in the Middle Attack Detection/
_cNoor Fatima
264 _aIslamabad:
_bSEECS NUST.
_c2025.
650 _aMS-Computer Science
_926780
700 _aSupervisor: Dr. Qaiser Riaz
_996872
856 _uhttp://10.250.8.41:8080/xmlui/handle/123456789/55340
942 _2ddc
_cSC
999 _c614946
_d614946